000
00288nam a2200121Ia 4500
008
230411s9999 xx 000 0 und d
041
_a
eng
082
_a
EC/330/AGR/B03695
100
_a
Agrawal A N
245
_a
Indian Economy
260
_a
New Delhi
_c
2006
999
_c
154522
_d
154522